000 01423cam a2200277 4500
001 L139951
008 #DATE n2007 xxk f 001 0 eng d
020 _a9781405725415
035 _a(Sirsi) u139951
041 0 _aeng
050 0 4 _a346.4104342 $2 18
245 0 0 _aButterworths residential landlord and tenant handbook
250 _a4th ed.
260 _aLondon
_bLexisNexis Butterworths
_c2007
300 _axxii, 1640p.
_c25cm
350 _a65
520 _aReference guide for practioners in leasehold enfranchisement, the right to buy, assured, secure and protected tenancies, disrepair and other areas of landlord and tenant law. Incorporates major legislative developments since 1988, including the Commonhold and Leasehold Reform Act 2002 and the Housing Act 2004, and the subordinate legislation deriving from these Acts. Although there have been no major housing or landlord and tenant measures since the third edition, there has been some considerable amendment to landlord and tenant legislation which appears in the handbook, and all of these amendments have been incorporated.
520 _aSupercedes third edition (ISBN: 0406969507).
590 _aka
650 2 4 _aHOUSING ACT 2004
650 2 4 _aCOMMONHOLD AND LEASEHOLD REFORM ACT 2002
651 4 _aUNITED KINGDOM
690 _aPROPERTY-RESIDENTIAL PROPERTY-RESIDENTIAL LANDLORD AND TENANT
700 1 0 _aDriscoll, James
942 _n0
999 _c107381
_d107381